[Event "Open"]
[Site "Szombathely HUN"]
[Date "2010.07.28"]
[Round "2"]
[White "Remete,E"]
[Black "Babos,Z"]
[Result "1-0"]
[WhiteElo "2051"]
[BlackElo "1968"]

1.e4 d6 2.d4 Nf6 3.Nc3 e5 4.Nf3 Nbd7 5.Bg5 Be7 6.h3 c6 7.Qd2 Qc7 8.Bd3 b5
9.Ne2 a6 10.Ng3 h6 11.Be3 Nf8 12.O-O Be6 13.Qc3 exd4 14.Nxd4 c5 15.Ndf5 Bxf5
16.Nxf5 Ne6 17.Nxe7 Qxe7 18.a4 b4 19.Qc4 Ng5 20.e5 Qxe5 21.Bf4 Qxb2 22.Rae1+ Ne6
23.Rxe6+ fxe6 24.Qxe6+ Kd8 25.Qxd6+ Nd7 26.Qc7+ Ke8 27.Re1+ Kf8 28.Qd6+  1-0

[Event "1st Grafica Yael"]
[Site "Torre Blanca ARG"]
[Date "2010.07.28"]
[Round "5"]
[White "Bassan,R"]
[Black "Saldano Dayer,H"]
[Result "1-0"]
[WhiteElo "2160"]
[BlackElo "2433"]

1.e4 d6 2.d4 Nf6 3.Nc3 e5 4.f4 exd4 5.Qxd4 Nc6 6.Qd3 Be7 7.a3 O-O 8.Nf3 Re8
9.Be2 Bf8 10.Be3 Qe7 11.Nd2 Bf5 12.Bf3 Rad8 13.O-O-O d5 14.exf5 Qxe3 15.Qxe3 Rxe3
16.Nf1 Rxc3 17.bxc3 Bxa3+ 18.Kb1 Na5 19.Nd2 c6 20.Ka2 Bd6 21.g3 Bc7 22.Rhe1 Kf8
23.Be2 b5 24.Ra1 Bb6 25.Bd3 Nb7 26.Kb2 Nc5 27.Nf3 Na4+ 28.Rxa4 bxa4 29.Ra1 Rb8
30.Kc1 Ne4 31.Bxe4 dxe4 32.Ne5 Rd8 33.Rxa4 e3 34.Re4 Rd2 35.Nc4 Rd5 36.g4 Bc5
37.Nxe3 Bxe3+ 38.Rxe3 h5 39.h3 Rc5 40.Kb2 hxg4 41.hxg4 Rc4 42.Rf3 Ke7 43.Kb3 Re4
44.g5 c5 45.c4 Kd6 46.Rf1 Re3+ 47.c3 Re4 48.Rf2 a5 49.Rf3 Kc6 50.g6 f6 51.Rh3 Rxf4
52.Rh7 Rxf5 53.Rxg7 Rg5 54.Rg8 Rg4 55.g7 Kb7 56.Ka4 Rxc4+ 57.Kxa5 Rg4 58.Kb5 c4
59.Kc5 f5 60.Kd5 f4 61.Kxc4 f3+ 62.Kd3 f2 63.Ke2 Rf4 64.Kf1  1-0

[Event "Tch-POR 1st Div Final"]
[Site "Vila Nova de Gaia POR"]
[Date "2010.07.28"]
[Round "5.7"]
[White "Ramos,Va"]
[Black "Cruz,P"]
[Result "0-1"]
[WhiteElo "1927"]
[BlackElo "2112"]

1.e4 d6 2.d4 Nf6 3.Nc3 e5 4.Nf3 Nbd7 5.Bc4 Be7 6.O-O O-O 7.h3 c6 8.a4 a5
9.Be3 Qc7 10.dxe5 Nxe5 11.Nxe5 dxe5 12.Qe2 Bb4 13.Bg5 Qe7 14.f4 exf4 15.e5 Qc5+
16.Kh1 Bxc3 17.bxc3 Nd5 18.Bxd5 Qxd5 19.Rad1 Qc5 20.Rxf4 f6 21.Rc4 Qxe5 22.Qxe5 fxe5
23.Re4 Bf5 24.Rxe5 Bxc2 25.Rd7 Rf7 26.Rd4 h6 27.Bd8 b5 28.axb5 cxb5 29.Rxb5 a4
30.Rd2 a3 31.Rxc2 a2 32.Rxa2 Rxa2 33.Bb6 Rc2 34.Bd4 Re7 35.Rb6 Kh7 36.Rb1 Ree2
37.Rg1 g5 38.Kh2 Kg6 39.Kg3 h5 40.Kf3 Red2 41.Kg3 Rd3+ 42.Kh2 g4 43.hxg4 hxg4
44.Ra1 Rdd2 45.Rg1 Re2 46.Kg3 Kg5 47.Kh2 Red2 48.Bh8 Rd3 49.Kh1 Rd7  0-1

[Event "97th ch-GBR"]
[Site "Canterbury ENG"]
[Date "2010.07.29"]
[Round "4"]
[White "Senior,Gary"]
[Black "Greet,A"]
[Result "0-1"]
[WhiteElo "2069"]
[BlackElo "2451"]

1.e4 d6 2.d4 Nf6 3.Nc3 e5 4.Nf3 Nbd7 5.Be2 Be7 6.O-O c6 7.a4 O-O 8.Re1 b6
9.Bf1 a6 10.g3 Bb7 11.b3 b5 12.Bg2 Re8 13.Bb2 Bf8 14.dxe5 dxe5 15.Re2 Qc7
16.Ne1 Nc5 17.axb5 axb5 18.Rxa8 Rxa8 19.f3 b4 20.Nb1 Ne6 21.Nd3 Rd8 22.Nd2 Nd4
23.Bxd4 Rxd4 24.Re1 Nd7 25.Bf1 Nc5 26.Nc4 Nxd3 27.Bxd3 Bc5 28.Kg2 Rd8 29.Qd2 Qe7
30.Ra1 g6 31.Na5 Ba8 32.Nc4 Kg7 33.Ne3 Bb7 34.Ng4 h5 35.Qh6+ Kg8 36.Nf2 Bc8
37.Rf1 Be6 38.Qd2 Kg7 39.Rd1 h4 40.g4 Qa7 41.Re1 Bxb3 42.Nh3 Bc4 43.Qg5 f6
44.Qxh4 Bxd3 45.g5 Qf7 46.Qh6+ Kg8 47.gxf6 Bc4 48.Qg5 Be6 49.f4 Rd2+ 50.Kg3 Bxh3  0-1

[Event "TCh-MNE Premier League"]
[Site "Cetinje MNE"]
[Date "2010.07.29"]
[Round "6"]
[White "Bujisic,V"]
[Black "Mrsevic,M"]
[Result "1/2-1/2"]
[WhiteElo "2247"]
[BlackElo "2304"]

1.e4 d6 2.d4 Nf6 3.Nc3 Nbd7 4.g3 e5 5.Nge2 g6 6.Bg2 Bg7 7.O-O O-O 8.dxe5 dxe5
9.b3 b6 10.Ba3 Re8 11.Qd2 a5 12.Nb5 Bb7 13.Rfd1 Qb8 14.f3 a4 15.Nec3 axb3
16.axb3 Bc6 17.Bb4 Qb7 18.Rxa8 Rxa8 19.Bf1 Nc5 20.Nd5 Nxd5 21.exd5 Bd7 22.Bc4 e4
23.Qf4 exf3 24.Qxf3 h5 25.Qf4 Na6 26.Bc3 Bxc3 27.Nxc3 b5 28.Rf1 Rf8 29.Bd3 Qb6+
30.Rf2 Nc5 31.Bf1 b4 32.Na2 Bf5 33.Qxb4 Qa7 34.Qd4 Rd8 35.Nc3 Qb6 36.Bg2 Re8
37.h3 Re1+ 38.Kh2 Rc1 39.Re2 Nd7 40.Qxb6 Nxb6 41.Nb5 Bxc2 42.Nxc7 Bxb3 43.d6 Ba4
44.Rb2 Nd7 45.Nd5 Kg7 46.Rb7 Rc2 47.Ra7 Bc6 48.Ne3 Rd2 49.Kg1 Bxg2 50.Nxg2 Rxd6
51.Ra2 Rd3 52.Kh2 Rf3 53.Ne1 Rb3 54.Ng2 Nf6 55.Re2 Nh7 56.h4 Nf6 57.Nf4 Ng4+
58.Kh3 Ne3 59.Ra2 Nf5 60.Ne2 Re3 61.Kg2 Re4 62.Kf3 Rb4 63.Rd2 Rb3+ 64.Kf2 Kf6
65.Ra2 Kg7 66.Rd2 Ra3 67.Kg2 Kf6 68.Kf2 Ke5 69.Kg2 Ke4 70.Rb2 Rf3 71.Rb4+ Ke3
72.Rb3+ Kxe2 73.Rb2+ Ke3 74.Rb3+ Ke2 75.Rb2+  1/2-1/2

[Event "TCh-MNE Premier League"]
[Site "Cetinje MNE"]
[Date "2010.07.29"]
[Round "6"]
[White "Vuckovic,Bo"]
[Black "Markus,Rob"]
[Result "1/2-1/2"]
[WhiteElo "2623"]
[BlackElo "2616"]

1.e4 d6 2.d4 Nf6 3.Nc3 e5 4.Nf3 Nbd7 5.g4 Nxg4 6.Rg1 Ngf6 7.Bc4 h6 8.Be3 c6
9.Qd3 b5 10.Bb3 Qa5 11.dxe5 dxe5 12.O-O-O Ba6 13.Nd2 O-O-O 14.Bxf7 Nc5 15.Qf1 Qc7
16.Nb3 Nxb3+ 17.Bxb3 Bb4 18.Qg2 Rxd1+ 19.Nxd1 g5 20.Qh3+ g4 21.Qh4 Be7 22.Bg5 Qd8
23.Bxf6 Bxf6 24.Qxg4+ Kb8 25.Kb1 Bg5 26.Ne3 Qf6 27.Nf5 Rd8 28.h4 Bf4 29.Rd1 Rxd1+
30.Qxd1 Bc8 31.a4 a6 32.Qd3 Kc7 33.axb5 axb5 34.h5 Qd8 35.Qxd8+ Kxd8 36.c3 Bxf5
37.exf5 Bg5 38.f3 Kc7 39.Kc2 Kd6 40.Be6 Bf6 41.b4  1/2-1/2

[Event "21st Czech GM Open"]
[Site "Pardubice CZE"]
[Date "2010.07.29"]
[Round "7"]
[White "Hirneise,J"]
[Black "Krapivin,Vl"]
[Result "1-0"]
[WhiteElo "2276"]
[BlackElo "2362"]

1.e4 d6 2.d4 Nf6 3.Nc3 e5 4.Nf3 Nbd7 5.Bc4 Be7 6.O-O O-O 7.Re1 c6 8.a4 a5
9.h3 Nb6 10.Ba2 Nfd7 11.Be3 exd4 12.Qxd4 Nc5 13.Rad1 Be6 14.Bxe6 fxe6 15.e5 d5
16.Qg4 Nbd7 17.Ne2 Qe8 18.Ng3 Qg6 19.Qxg6 hxg6 20.b3 Kf7 21.Rd4 Ke8 22.Bd2 Rh8
23.Rg4 Kf7 24.Rf4+ Ke8 25.Rg4 Kf7 26.Rf4+ Ke8 27.Rg4 Kf7 28.Kh2 b6 29.Rf4+ Ke8
30.Rg4 Kf7 31.Rf4+ Ke8 32.Rg4 Kf7 33.Bg5 Bxg5 34.Nxg5+ Ke7 35.Nf3 Rh6 36.Re2 Rc8
37.Nd4 Nb7 38.f4 c5 39.Nf3 Kf7 40.c4 Nf8 41.cxd5 exd5 42.f5 Re8 43.e6+ Kf6
44.Rf4 Nd6 45.e7 gxf5 46.exf8=Q+ Rxf8 47.Nxf5 Nxf5 48.g4 g6 49.g5+  1-0

[Event "COQ Inv"]
[Site "Montreal CAN"]
[Date "2010.07.30"]
[Round "8"]
[White "Leveille,F"]
[Black "Makka,I"]
[Result "0-1"]
[WhiteElo "2284"]
[BlackElo "2175"]

1.e4 d6 2.d4 Nf6 3.Nc3 e5 4.Nf3 Nbd7 5.Bc4 Be7 6.O-O O-O 7.Re1 c6 8.a4 Qc7
9.Ba2 h6 10.h3 Re8 11.dxe5 dxe5 12.Nh4 Nf8 13.Qf3 Be6 14.Nf5 Bxa2 15.Rxa2 Kh7
16.a5 Ne6 17.Be3 Ng8 18.Nxe7 Rxe7 19.Ne2 Rd7 20.c3 g6 21.h4 h5 22.Qg3 Nf6
23.f3 Ne8 24.Qf2 c5 25.c4 Nd6 26.b3 Nd4 27.Nc3 Qd8 28.f4 f6 29.fxe5 fxe5
30.Bg5 Qf8 31.Qg3 Qg7 32.Rf2 Rf7 33.Rxf7 Nxf7 34.Nd5 Nxg5 35.hxg5 Kh8 36.Kh2 Rf8
37.a6 b6 38.Rb1 Ne2 39.Qe3 Nd4 40.Rb2 Qf7 41.Qg3 Nc6 42.Rd2 Qe6 43.Rf2 Rxf2
44.Qxf2 Kg7 45.Kg1 Kg8 46.Kf1 Nd4 47.Qg3 Nc6 48.Ke1 Nd4 49.Kd2 b5 50.cxb5 Nxb5
51.Qf2 Qxa6 52.Qxc5 Qa2+ 53.Qc2 Qxc2+ 54.Kxc2 Nd4+ 55.Kc3 Kf7 56.Kc4 Ne6
57.Nc3 Nxg5 58.Kb5 Ne6 59.b4 h4 60.Ka6 g5 61.Kxa7 g4 62.b5 h3 63.gxh3 gxh3
64.Nd1 h2 65.Nf2 Nc5 66.b6 Kg6 67.b7 Nxb7 68.Kxb7 Kg5 69.Kc6 Kf4 70.Kd5 Kf3
71.Nh1 Kg2 72.Kxe5 Kxh1 73.Kf6 Kg2  0-1

[Event "ch-AUT"]
[Site "Vienna AUT"]
[Date "2010.07.30"]
[Round "7"]
[White "Pichler,Mi"]
[Black "Koller,Hu"]
[Result "1-0"]
[WhiteElo "2256"]
[BlackElo "2107"]

1.e4 d6 2.d4 Nf6 3.Nc3 c6 4.Nf3 g6 5.h3 Bg7 6.Be3 O-O 7.Qd2 Qc7 8.Bd3 e5
9.dxe5 dxe5 10.Bh6 Nbd7 11.O-O Nc5 12.Bxg7 Kxg7 13.Rfe1 Ne6 14.Ne2 Nh5 15.Bc4 Nhf4
16.Qc3 f6 17.Bxe6 Nxe2+ 18.Rxe2 Bxe6 19.Rd1 Rad8 20.Red2 Rxd2 21.Qxd2 Rf7
22.a3 Rd7 23.Qe1 Qd8 24.Rxd7+ Qxd7 25.Qe2 b5 26.b4 a6 27.Qd3 Qc7 28.Qc3 Qd6
29.Qd3 Qc7 30.Qc3 Qd6 31.Nd2 h5 32.h4 Kf7 33.Kf1 g5 34.hxg5 fxg5 35.Ke1 Kf6
36.Qf3+ Kg6 37.Qc3 Kf6 38.Qe3 a5 39.bxa5 b4 40.axb4 Qxb4 41.Qb6 Qa4 42.a6 Qxc2
43.a7 Qc1+ 44.Ke2 Qc2 45.Qd8+ Kg6 46.Qe8+ Bf7 47.Qxf7+  1-0

[Event "ch-AUT w"]
[Site "Vienna AUT"]
[Date "2010.07.30"]
[Round "7"]
[White "Froewis,A"]
[Black "Moser,E"]
[Result "0-1"]
[WhiteElo "1968"]
[BlackElo "2440"]

1.e4 d6 2.d4 Nf6 3.Nc3 Nbd7 4.Nf3 e5 5.Bc4 Be7 6.O-O O-O 7.Re1 c6 8.a4 a5
9.h3 h6 10.Ba2 Re8 11.dxe5 dxe5 12.Be3 Qc7 13.Nd2 Nc5 14.Qe2 Ne6 15.Qf3 Ng5
16.Qe2 Bb4 17.Bxg5 hxg5 18.Qe3 g4 19.hxg4 Bxg4 20.f3 Qe7 21.Kf1 Bc5 22.Qg5 Be6
23.Qxe5 Rad8 24.Bxe6 Rxd2 25.Bxf7+ Kxf7  0-1

[Event "Tch-POR 1st Div Final"]
[Site "Vila Nova de Gaia POR"]
[Date "2010.07.30"]
[Round "7.5"]
[White "Castro,Fr"]
[Black "Garrido Dominguez,J"]
[Result "0-1"]
[WhiteElo "2118"]
[BlackElo "2416"]

1.e4 d6 2.d4 Nf6 3.Nc3 e5 4.Nf3 Nbd7 5.Bc4 Be7 6.O-O O-O 7.Re1 c6 8.Bb3 b5
9.a3 Rb8 10.d5 c5 11.Nb1 c4 12.Ba2 Nc5 13.Nbd2 a5 14.c3 a4 15.Bb1 Ne8 16.Nf1 Nb3
17.Ra2 Nxc1 18.Qxc1 g6 19.Ne3 Nc7 20.Nc2 Na6 21.Nb4 Nxb4 22.cxb4 Kg7 23.Ra1 Qe8
24.Nd2 Bd8 25.f3 Bb6+ 26.Kh1 f5 27.Bc2 f4 28.Bd1 g5 29.Qc2 h5 30.Nf1 g4 31.Rc1 Kh8
32.Qd2 Rb7 33.Rc2 Rg7 34.Qc1 Ba7 35.Rc3 Qd8 36.Nd2 g3 37.Nf1 Qb6 38.Nxg3 Rxg3
39.hxg3 Qf2  0-1

[Event "97th ch-GBR"]
[Site "Canterbury ENG"]
[Date "2010.07.31"]
[Round "6"]
[White "Jameson,D"]
[Black "Van Kemenade,R"]
[Result "1-0"]
[WhiteElo "2047"]
[BlackElo "1995"]

1.e4 d6 2.d4 Nf6 3.Nc3 c6 4.f4 Qa5 5.Bd3 Bg4 6.Nf3 e5 7.fxe5 dxe5 8.dxe5 Bxf3
9.Qxf3 Qxe5 10.Bf4 Qh5 11.O-O-O Qxf3 12.gxf3 Bb4 13.e5 Bxc3 14.exf6 Bxf6
15.Rhe1+ Kf8 16.Bd6+ Kg8 17.Re8+  1-0

[Event "97th ch-GBR"]
[Site "Canterbury ENG"]
[Date "2010.07.31"]
[Round "6"]
[White "Haydon,D"]
[Black "Greet,A"]
[Result "1/2-1/2"]
[WhiteElo "2187"]
[BlackElo "2451"]

1.e4 d6 2.d4 Nf6 3.Nc3 e5 4.Nf3 Nbd7 5.Bc4 Be7 6.O-O O-O 7.h3 c6 8.a4 b6
9.dxe5 dxe5 10.Qe2 Qc7 11.Ba6 Bxa6 12.Qxa6 Bb4 13.Ne2 Rfe8 14.Qc4 Bf8 15.Be3 a6
16.Ng3 b5 17.Qe2 g6 18.Rfd1 Nc5 19.axb5 axb5 20.Bg5 Bg7 21.b3 Ne6 22.Rxa8 Rxa8
23.Be3 Nd7 24.Qd2 Ndf8 25.Qc3 Nf4 26.Bc5 f6 27.Ra1 Rxa1+ 28.Qxa1 N4e6 29.Be3 Nd7
30.Qa6 Ndc5 31.Qa8+ Kf7 32.b4 Qb7 33.Qa2 Qa6 34.Qb2 Nb7 35.Nd2 Nd6 36.Qc3 Bf8
37.Ne2 Nc4 38.Nxc4 bxc4 39.Qd2 Qb7 40.c3 c5 41.bxc5 Qxe4 42.Qd7+ Be7 43.c6 Qd3
44.Qb7 Qxe2 45.c7 Nxc7 46.Qxc7 Qd1+ 47.Kh2 Qd5 48.Qb8 Kg7 49.Qc7 Qf7 50.g3 g5
51.Bc5 Bxc5 52.Qxc5 Qe6 53.Qc7+ Kg6 54.Qd8 h5 55.Qh8 e4 56.Qd8 f5 57.Qc7 h4
58.gxh4 gxh4 59.Qd8 Qe5+ 60.Kg2 Qxc3 61.Qg8+ Kh6 62.Qe6+ Kg5 63.Qg8+ Kf4
64.Qb8+ Qe5 65.Qd8 Qg7+ 66.Kf1 Qa1+ 67.Kg2 Qg7+ 68.Kf1 Ke5 69.Qa5+ Kd4 70.Qd2+ Kc5
71.Qa5+ Kc6 72.Qa6+ Kd5 73.Qa5+ Ke6 74.Qa6+ Ke7 75.Qxc4 Qa1+ 76.Kg2 Qg7+
77.Kf1 Qe5 78.Qb4+ Qd6 79.Qb7+ Kf6 80.Qc8 Qd1+ 81.Kg2 Qf3+ 82.Kg1 Qxh3 83.Qh8+ Ke6
84.Qe8+ Kd6 85.Qd8+ Kc6 86.Qc8+ Kb5 87.Qb7+ Ka4 88.Qa6+ Kb3 89.Qb5+ Kc2 90.Qc5+ Kd1
91.Qd5+ Qd3 92.Qxf5 h3 93.Qh5+ Ke1 94.Qa5+ Qd2 95.Qf5 h2+ 96.Kg2 h1=Q+ 97.Kxh1 Kf1
98.Qh3+ Kxf2 99.Qg2+ Ke3 100.Qg5+ Ke2 101.Qg4+ Kd3 102.Qd7+ Kc3 103.Qc6+ Kd3
104.Qd5+ Ke3 105.Qg5+ Ke2 106.Qg4+ Kd3 107.Qd7+ Ke3 108.Qh3+ Ke2 109.Qg4+ Kf2
110.Qf4+ Qxf4  1/2-1/2

[Event "21st Czech GM Open"]
[Site "Pardubice CZE"]
[Date "2010.07.31"]
[Round "9"]
[White "Breder,D"]
[Black "Pridorozhni,A"]
[Result "0-1"]
[WhiteElo "2429"]
[BlackElo "2553"]

1.e4 d6 2.d4 Nf6 3.Nc3 e5 4.dxe5 dxe5 5.Qxd8+ Kxd8 6.Bc4 Ke8 7.Nf3 Bd6 8.Bg5 c6
9.O-O-O Bc7 10.Rd2 Nbd7 11.Rhd1 a6 12.Bxf6 gxf6 13.Bxf7+ Ke7 14.Nh4 Nc5 15.b4 Kxf7
16.bxc5 Ba5 17.Rd3 b5 18.cxb6 Bxb6 19.Rd6 Bxf2 20.Nf3 Be3+ 21.Nd2 Be6 22.Rd3 Bh6
23.Na4 Rhd8 24.Nc5 Bc4 25.Rh3 Bg5 26.Nd3 Rab8 27.Rf1 Bxa2 28.Kd1 Kg7 29.Ke2 Be6
30.Rg3 Kh8 31.Ra1 Rb6 32.Nb3 Bxb3 33.cxb3 Rxb3 34.Rxa6 Rd4 35.Rxc6 Rxe4+
36.Kd1 h5 37.Rc8+ Kh7 38.Rc7+ Kh6 39.Kc2 Rb6 40.Kc3 Ra4 41.Rc8 Ra3+ 42.Kc4 Rbb3
43.h4 Rc3+ 44.Kb4 Rab3+ 45.Ka4 Rxd3 46.hxg5+ Kg6 47.Rg8+ Kf7 48.Rxd3 Rxd3
49.Rh8 fxg5 50.Rxh5 Kg6 51.Rh1 Rd2 52.Rh2 g4 53.Kb3 g3 54.Rh8 Rxg2 55.Kc4 Kf5
56.Kd3 Rh2 57.Rf8+ Kg4 58.Rg8+ Kf3 59.Rf8+ Kg2 60.Ke3 Rh7 61.Rc8 Kh2 62.Kf3 g2
63.Rc2 Rf7+  0-1

[Event "Open"]
[Site "Szombathely HUN"]
[Date "2010.07.31"]
[Round "5"]
[White "Odor,I"]
[Black "Varga,Me"]
[Result "1-0"]
[WhiteElo "2006"]
[BlackElo "1883"]

1.e4 d6 2.d4 Nf6 3.Nc3 e5 4.Nf3 Nbd7 5.Bc4 Be7 6.O-O O-O 7.h3 c6 8.a4 b6
9.Re1 a6 10.Ba2 Qc7 11.Be3 Bb7 12.Qe2 Ne8 13.Rad1 g6 14.Bh6 Ng7 15.Ng5 exd4
16.Rxd4 Nc5 17.Rdd1 b5 18.b4 Nd7 19.Qe3 Rae8 20.Qg3 Ne5 21.f4 Nc4 22.f5 Bf6
23.Bxc4 bxc4 24.Rf1 Be5 25.Qh4 f6 26.Nxh7 Kxh7 27.Bd2+ Kg8 28.fxg6 Ne6 29.Ne2 Re7
30.Bh6 Rd8 31.Ng3 Bxg3 32.Qxg3 d5 33.Qxc7 Nxc7 34.Rxf6 Ne6 35.exd5 cxd5 36.Re1 Rde8
37.Ref1 d4 38.Rf7 Bd5 39.R1f5 Be4 40.R5f6 Bxg6 41.Rxe7 Rxe7 42.Rxg6+ Kh7
43.Bg5 Re8 44.Rh6+ Kg7 45.Bc1 d3 46.cxd3 cxd3 47.Bd2 Nd4 48.Rd6 Ne2+ 49.Kh2 Rf8
50.Bh6+  1-0

[Event "Open"]
[Site "Szombathely HUN"]
[Date "2010.07.31"]
[Round "5"]
[White "Boros,De"]
[Black "Berczes,C"]
[Result "1-0"]
[WhiteElo "2499"]
[BlackElo "2406"]

1.e4 d6 2.d4 Nf6 3.Nc3 e5 4.Nf3 Nbd7 5.Bc4 Be7 6.O-O O-O 7.a4 c6 8.Ba2 a5
9.Qe2 Qb6 10.Rd1 exd4 11.Nxd4 Nc5 12.f3 Re8 13.Qf2 Bf8 14.Nb3 Nfd7 15.Bf4 Ne5
16.Rab1 Qc7 17.Nxc5 dxc5 18.Qg3 b6 19.Rd2 Ba6 20.Rbd1 c4 21.Be3 Rac8 22.h4 h5
23.Ne2 b5 24.Nf4 Ng6 25.axb5 cxb5 26.Rd7 Nxf4 27.Bxf4 Qb6+ 28.Kh2 Rc6 29.R1d5 Rg6
30.Rg5 Rxg5 31.Qxg5 Re6 32.Rd8 Rf6 33.Rb8 Qc6 34.Be5 Rg6 35.Qd8 Qc5 36.Bd4 Qb4
37.c3 Qd6+ 38.Qxd6 Rxd6 39.Rxf8+ Kxf8 40.Bc5 Ke7 41.e5 Bc8 42.Bb1 Be6 43.Bxd6+ Kd7
44.Bf8  1-0

[Event "5th FIDE GP w"]
[Site "Ulaanbaatar MGL"]
[Date "2010.07.31"]
[Round "2"]
[White "Kosintseva,T"]
[Black "Zhu Chen"]
[Result "1-0"]
[WhiteElo "2562"]
[BlackElo "2476"]

1.e4 d6 2.d4 Nf6 3.Nc3 e5 4.Nf3 Nbd7 5.Bc4 Be7 6.O-O O-O 7.Re1 c6 8.a4 a5
9.h3 Nb6 10.Bf1 exd4 11.Nxd4 d5 12.e5 Ne8 13.Nce2 g6 14.Bh6 Ng7 15.Nf3 Nd7
16.Ned4 Nc5 17.c4 Nce6 18.Qb3 Nxd4 19.Nxd4 c5 20.Ne2 dxc4 21.Qxc4 Be6 22.Qc3 Qb6
23.Nf4 Rfd8 24.Nxe6 Nxe6 25.Bc4 Bg5 26.Bxg5 Nxg5 27.h4 Ne6 28.h5 Rd4 29.b3 Rad8
30.Qg3 Kg7 31.Re3 Rd1+ 32.Rxd1 Rxd1+ 33.Kh2 Qd8 34.Bxe6 fxe6 35.Rf3 Qd2 36.Qh4 Qd8
37.Rf6 gxh5 38.Qxh5 Rd7 39.Rxe6 Rf7 40.Rh6 Kg8 41.Qg4+ Kh8 42.f4 Qf8 43.Qh4 Kg8
44.Rd6 Re7 45.Rf6 Qe8 46.Rf5 Re6 47.Rh5 Qf7 48.Qd8+ Kg7 49.Rg5+ Rg6 50.f5 Rxg5
51.Qxg5+ Kf8 52.e6 Qc7+ 53.Kh3 Qe5 54.Qd8+ Kg7 55.Qe7+ Kh6 56.Qh4+ Kg7 57.Qg3+ Qxg3+
58.Kxg3 b5 59.axb5 c4 60.e7  1-0

[Event "ch-AUT w"]
[Site "Vienna AUT"]
[Date "2010.07.31"]
[Round "8"]
[White "Exler,V"]
[Black "Moser,E"]
[Result "0-1"]
[WhiteElo "2143"]
[BlackElo "2440"]

1.e4 d6 2.d4 Nf6 3.Nc3 Nbd7 4.Be3 e5 5.f3 c6 6.Qd2 Be7 7.Nge2 d5 8.exd5 cxd5
9.O-O-O O-O 10.dxe5 Nxe5 11.Nxd5 Nxd5 12.Qxd5 Qc7 13.Bf4 Bf6 14.g4 Be6 15.Qe4 Rad8
16.Rxd8 Rxd8 17.Nc3 g5 18.Bxe5 Bxe5 19.Bd3 Bxc3 20.Qxh7+ Kf8 21.bxc3 Qxc3
22.Qh6+ Ke8 23.Rd1 Rd5 24.Qh7 Ke7 25.Qe4 Qa3+ 26.Kd2 Qa5+ 27.Kc1 Qa3+ 28.Kd2 Qa5+
29.Kc1 b6 30.a4 Qc3 31.h3 Rd4 32.Qb7+ Rd7 33.Qe4 a6 34.f4 gxf4 35.Qxf4 Rd4
36.Qg5+ Kd7 37.Qe5 Qa1+ 38.Kd2 Rxd3+  0-1

[Event "Politiken Cup"]
[Site "Copenhagen DEN"]
[Date "2010.08.01"]
[Round "2"]
[White "Hansen,Mads3"]
[Black "Zachariassen,J"]
[Result "1-0"]
[WhiteElo "2165"]
[BlackElo "1970"]

1.e4 d6 2.d4 Nf6 3.Nc3 Nbd7 4.f4 e5 5.Nf3 Be7 6.fxe5 dxe5 7.Bc4 exd4 8.Qxd4 O-O
9.e5 Bc5 10.Qh4 Re8 11.Bf4 Nf8 12.Rd1 Qe7 13.Kf1 Ng6 14.exf6 Nxh4 15.fxe7 Nxf3
16.Ne4 Bxe7 17.gxf3 Bf5 18.Bd3 Bh3+ 19.Kf2 f5 20.Ng5  1-0

[Event "Politiken Cup"]
[Site "Copenhagen DEN"]
[Date "2010.08.01"]
[Round "3"]
[White "Aabling Thomsen,J"]
[Black "Torner Planell,Jos"]
[Result "1-0"]
[WhiteElo "2314"]
[BlackElo "2034"]

1.e4 d6 2.d4 Nf6 3.Nc3 e5 4.Nf3 Nbd7 5.Bc4 Be7 6.g4 Nb6 7.Bb3 exd4 8.Nxd4 Bxg4
9.Qd3 Nfd7 10.Qg3 Ne5 11.Bf4 Bh4 12.Qg2 Qd7 13.Bxe5 dxe5 14.Nf3 Bxf3 15.Qxf3 O-O-O
16.O-O Qe7 17.a4 c6 18.a5 Nd7 19.a6 b6 20.Ba4 Kc7 21.Ra3 Nc5 22.Bxc6 Kxc6
23.Nd5 Qg5+ 24.Kh1 Qg6 25.Rc3 Kd7 26.Rc4 Ne6 27.Rg1 Qh6 28.Qxf7+  1-0

[Event "Politiken Cup"]
[Site "Copenhagen DEN"]
[Date "2010.08.01"]
[Round "3"]
[White "Laursen,N1"]
[Black "Hansen,SuB"]
[Result "0-1"]
[WhiteElo "2215"]
[BlackElo "2595"]

1.e4 d6 2.d4 Nf6 3.Nc3 e5 4.Nf3 Nbd7 5.g3 c6 6.Bg2 Be7 7.O-O O-O 8.Re1 b5
9.a4 b4 10.dxe5 dxe5 11.Nb1 Qc7 12.b3 Bc5 13.h3 a5 14.Nh4 Re8 15.Nf5 Nf8
16.Nd2 Ne6 17.Bb2 Rd8 18.Ne3 Ng5 19.Ng4 Bxg4 20.hxg4 Qd7 21.Re2 Nxg4  0-1

[Event "IM"]
[Site "Creon FRA"]
[Date "2010.08.01"]
[Round "9"]
[White "Sanduleac,V"]
[Black "Martin Alvarez,I"]
[Result "1-0"]
[WhiteElo "2451"]
[BlackElo "2321"]

1.e4 d6 2.d4 Nf6 3.Nc3 e5 4.Nge2 Be7 5.g3 O-O 6.Bg2 c6 7.a4 a5 8.O-O Na6
9.h3 Nb4 10.Kh2 exd4 11.Nxd4 d5 12.e5 Ne8 13.Nce2 Nc7 14.c3 Nba6 15.Nf4 Nc5
16.Re1 N5e6 17.Nf5 Nxf4 18.Nxe7+ Qxe7 19.Bxf4 Bf5 20.Be3 Ne6 21.f4 Nc5 22.g4 Bd7
23.Qc2 Rab8 24.c4 dxc4 25.Qxc4 b6 26.f5 g6 27.Bh6 Rfd8 28.Bg7 b5 29.axb5 cxb5
30.Qc3 b4 31.Qe3 Rdc8 32.Bf6 Qf8 33.Rxa5 Nb7 34.Ra7 Bc6 35.e6  1-0

[Event "Tch-POR 1st Div Final"]
[Site "Vila Nova de Gaia POR"]
[Date "2010.08.01"]
[Round "7"]
[White "Tiviakov,S"]
[Black "Dumitrache,D"]
[Result "1-0"]
[WhiteElo "2623"]
[BlackElo "2462"]

1.e4 d6 2.d4 Nf6 3.Nc3 e5 4.Nf3 Nbd7 5.Bc4 Be7 6.O-O O-O 7.a4 c6 8.Re1 b6
9.d5 Bb7 10.dxc6 Bxc6 11.Bg5 Qc7 12.b3 h6 13.Bxf6 Nxf6 14.Nd5 Nxd5 15.Bxd5 Bxd5
16.Qxd5 Qc3 17.Ra2 Rfc8 18.Re3 Qc6 19.Qxc6 Rxc6 20.c4 g6 21.Ne1 f5 22.Nc2 Bg5
23.Re2 Kf7 24.Nb4 Rcc8 25.Ra1 a6 26.Nd5 Rab8 27.f3 Rb7 28.Rd1 Ra8 29.Nc3 Ke6
30.Rd5 Rc8 31.g3 Rc5 32.Rd3 Rc8 33.Kg2 Bc1 34.Na2 Bg5 35.Nb4 Ra8 36.Ra2 h5
37.Ra1 Be7 38.Ra2 Bg5 39.Ra1 Be7 40.Nd5 Bg5 41.Rad1 Bd8 42.Nc3 Be7 43.Re1 Bd8
44.Rd5 Rh7 45.Ne2 fxe4 46.fxe4 h4 47.Rd3 h3+ 48.Kh1 Raa7 49.Red1 Rad7 50.Ng1 Bc7
51.g4 Rh4 52.Rg3 Rdh7 53.Rdd3 b5 54.Nf3  1-0

[Event "Tch-POR 1st Div Final"]
[Site "Vila Nova de Gaia POR"]
[Date "2010.08.01"]
[Round "9.2"]
[White "Mirzoev,A"]
[Black "Garrido Dominguez,J"]
[Result "1-0"]
[WhiteElo "2541"]
[BlackElo "2416"]

1.d4 d6 2.e4 Nf6 3.Nc3 e5 4.Nf3 Nbd7 5.Bc4 Be7 6.O-O O-O 7.Re1 c6 8.a4 b6
9.Ba2 a6 10.h3 Rb8 11.Bg5 b5 12.axb5 axb5 13.dxe5 dxe5 14.Nh4 Nc5 15.Nf5 b4
16.Nxe7+ Qxe7 17.Nb1 h6 18.Bxf6 Qxf6 19.Qc1 Rd8 20.Qe3 Qd6 21.Nd2 Qxd2 22.Qxc5 Qd6
23.Qxd6 Rxd6 24.Red1 Rxd1+ 25.Rxd1 Kf8 26.Rd6 Ra8 27.Bb3 c5 28.Rc6 Bb7 29.Rxc5 Bxe4
30.Rxe5 Bg6 31.f4  1-0

[Event "97th ch-GBR"]
[Site "Canterbury ENG"]
[Date "2010.08.02"]
[Round "7"]
[White "Jones,V"]
[Black "Chapman,T"]
[Result "1-0"]
[WhiteElo "2105"]
[BlackElo "2251"]

1.e4 d6 2.d4 Nf6 3.Nc3 c6 4.f4 Qa5 5.Bd3 e5 6.Nf3 exd4 7.Nxd4 Qb6 8.Nb3 a5
9.a4 Na6 10.h3 Be7 11.Qe2 Nb4 12.Be3 Nxd3+ 13.Qxd3 Qc7 14.O-O-O h5 15.Nd2 d5
16.exd5 cxd5 17.Bd4 Qc6 18.Bxf6 Bxf6 19.Rhe1+ Kf8 20.Nxd5 Bh4 21.Qa3+ Kg8
22.Nf3 Bf5 23.Re2 Bd8 24.Ne7+ Bxe7 25.Qxe7 f6 26.Nh4 Bxc2 27.Rxc2 Qxa4 28.Qe6+ Kh7
29.Qf5+ Kg8 30.Rc8+ Rxc8+ 31.Qxc8+ Kh7 32.Qf5+  1-0

[Event "Politiken Cup"]
[Site "Copenhagen DEN"]
[Date "2010.08.02"]
[Round "4"]
[White "Hobber,A"]
[Black "Zachariassen,J"]
[Result "1/2-1/2"]
[WhiteElo "2135"]
[BlackElo "1970"]

1.d4 d6 2.e4 Nf6 3.Nc3 Nbd7 4.Nf3 e5 5.Bc4 Be7 6.h3 c6 7.dxe5 dxe5 8.a4 Qc7
9.O-O O-O 10.Qe2 Nc5 11.Rd1 Be6 12.Be3 Bxc4 13.Qxc4 Ne6 14.a5 Rfe8 15.Ng5 Nxg5
16.Bxg5 Rac8 17.Be3 b5 18.axb6 axb6 19.Qa6  1/2-1/2

[Event "Open"]
[Site "Szombathely HUN"]
[Date "2010.08.02"]
[Round "7"]
[White "Babos,Z"]
[Black "Varga,Me"]
[Result "0-1"]
[WhiteElo "1968"]
[BlackElo "1883"]

1.e4 d6 2.d4 Nf6 3.Nc3 e5 4.Nf3 Nbd7 5.Bc4 Be7 6.O-O O-O 7.Re1 c6 8.a4 b6
9.Ba2 Qc7 10.Nh4 Re8 11.Nf5 Nf8 12.d5 c5 13.Bc4 a6 14.f4 Bxf5 15.exf5 N8d7
16.g4 Rf8 17.g5 Ne8 18.Qg4 f6 19.h4 Bd8 20.h5 exf4 21.Bxf4 fxg5 22.Bxg5 Bxg5
23.Qxg5 Kh8 24.Re7 Qd8 25.Ne4 Ndf6 26.Re6 Nxe4 27.Qxd8 Rxd8 28.Rxe4 Rxf5
29.Rh4 Nf6 30.Rf1 Rg5+ 31.Kh1 Nxh5 32.Rf7 Nf6 33.Bxa6 Rxd5 34.Bd3 Rg5 35.Re7 h6
36.Re6 Ng4 37.Bc4 d5 38.Be2 Nf2+ 39.Kh2 Rf8 40.Rxb6 Ne4 41.Bd3 Rf2+ 42.Kh1  0-1

[Event "Arctic Chess Challenge"]
[Site "Tromso NOR"]
[Date "2010.08.02"]
[Round "3"]
[White "Shytaj,L"]
[Black "Kobalia,M"]
[Result "1/2-1/2"]
[WhiteElo "2466"]
[BlackElo "2648"]

1.e4 d6 2.d4 Nf6 3.Nc3 e5 4.Nf3 Nbd7 5.Bc4 Be7 6.O-O O-O 7.Re1 c6 8.a4 Qc7
9.a5 h6 10.h3 Re8 11.Ba2 Nf8 12.Qd3 Bd8 13.b4 Ng6 14.d5 a6 15.Be3 cxd5 16.Nxd5 Nxd5
17.Bxd5 Nf4 18.Bxf4 exf4 19.c4 Be6 20.Rac1 Rc8 21.c5 dxc5 22.Rxc5 Qb8 23.Bxe6 Rxe6
24.Rd5 Be7 25.Nd4 Re5 26.b5 axb5 27.Qxb5 Rc5 28.Rxe5 Rxe5 29.Qb3 Qc7 30.Rb1 Rxe4
31.Qxb7 Qxb7 32.Rxb7 Bc5 33.a6 Rxd4 34.a7 Rd1+ 35.Kh2 Bxa7 36.Rxa7 Rf1 37.f3 g5
38.h4 Kg7 39.hxg5 hxg5 40.Ra6 f6 41.Rb6 Kg6 42.Ra6 Re1 43.Rb6 Kf5 44.Ra6 Re6
45.Ra5+ Kg6 46.Rb5 f5 47.Rb4 Rd6 48.Ra4 Kf6 49.Kg1 Rd1+ 50.Kf2 Ke5 51.Ra8 g4
52.Re8+ Kf6 53.fxg4 fxg4 54.Rf8+ Kg5 55.Rg8+ Kf5 56.Rf8+ Ke4 57.Re8+ Kd3
58.Rd8+ Kc2 59.Rc8+ Kb3 60.Rb8+ Kc4 61.Rc8+ Kb5 62.Rb8+ Kc6 63.Rb4 g3+ 64.Ke2 Rg1
65.Rxf4 Rxg2+ 66.Kf1 Rf2+ 67.Rxf2 gxf2 68.Kg2 Kd5 69.Kxf2  1/2-1/2